| 000 | 01786nam0a2200361 4500 | ||
|---|---|---|---|
| 001 | RU\NLR\bibl\2022256 | ||
| 005 | 20250616214643.0 | ||
| 010 |
_a978-5-8290-1160-4 _9300 |
||
| 021 |
_aRU _b2013-20150 _91420 |
||
| 035 | _a(NLR Aleph) 002010451 | ||
| 090 |
_a4454280 _c4454280 |
||
| 100 | _a20130410d2012 |||y0rusy50 ca | ||
| 101 | 0 | _arus | |
| 102 | _aRU | ||
| 105 | _aac ||||||||| | ||
| 200 | 1 |
_aПсихолого-педагогическая диагностика детей с нарушениями речи _eучебно-методическое пособие _fО.В. Елецкая, А.А. Тараканова _gЛенингр. гос. ун-т им. А.С. Пушкина |
|
| 210 |
_aСанкт-Петербург _cЛенинградский государственный университет _d2012 |
||
| 215 |
_a311 с. _cил., портр. _d21 |
||
| 320 | _aБиблиогр.: с. 297-303 (92, 8 назв.) и в конце глав | ||
| 606 | 1 |
_aДети с нарушением речи _jУчебно-методические пособия _xПсихологические исследования _92336453 _3RU\NLR\auth\661396854 |
|
| 606 | 1 |
_aДети с нарушением речи _jУчебно-методические пособия _xПедагогическое изучение _92305805 _3RU\NLR\AUTH\6601606367 |
|
| 686 | 1 | _aЮ983.5в6я7 | |
| 686 | 1 | _aЮ948.27-734в6я7 | |
| 686 | 1 | _aЧ437.1в6я7 | |
| 700 | 1 |
_aЕлецкая _bО. В. _gОльга Вячеславовна _4070 |
|
| 701 | 1 |
_aТараканова _bА. А. _gАлла Алексеевна _4070 |
|
| 801 | 0 |
_aRU _bNLR _c20130410 _gRCR |
|
| 801 | 1 |
_aRU _bNLR _c20130410 |
|
| 942 | _cBOOK | ||
| 980 | _aNBR | ||
| 980 | _aNB | ||